Mi visión desde el mundo médico / (Record no. 10454)

MARC details
000 -LEADER
campo de control de longitud fija 01122nam a22003137a 4500
001 - NÚMERO DE CONTROL
campo de control 10454
003 - IDENTIFICADOR DE NÚMERO DE CONTROL
campo de control UCATEBA
005 - FECHA Y HORA DE LA ÚLTIMA TRANSACCIÓN
campo de control 20260420091953.0
006 - CÓDIGOS DE INFORMACIÓN DE LONGITUD FIJA--CARACTERÍSTICAS DEL MATERIAL ADICIONAL
campo de control de longitud fija a
007 - CAMPO FIJO DE DESCRIPCIÓN FÍSICA--INFORMACIÓN GENERAL
campo de control de longitud fija a
008 - DATOS DE LONGITUD FIJA--INFORMACIÓN GENERAL
campo de control de longitud fija 260420b |||||||| |||| 00| 0 eng d
040 ## - FUENTE DE CATALOGACIÓN
Centro catalogador/agencia de origen DO-BaUCT
Lengua de catalogación spa
Centro/agencia transcriptor DO-BaUCT
Normas de descripción rda
041 0# - CÓDIGO DE IDIOMA
Código de lengua del texto/banda sonora o título independiente spa
Código de lengua original spa
082 ## - NÚMERO DE LA CLASIFICACIÓN DECIMAL DEWEY
Información de edición (22)
Número de clasificación RD868.44
Número de ítem An433v
100 1# - ENTRADA PRINCIPAL--NOMBRE DE PERSONA
Nombre de persona Angeles, Francisco,
Término indicativo de función/relación autor
245 13 - MENCIÓN DEL TÍTULO
Título Mi visión desde el mundo médico /
Mención de responsabilidad, etc. Francisco Angeles, Asesores: Ramón Gómez E., Dulce Javier.
260 ## - PUBLICACIÓN, DISTRIBUCIÓN, ETC.
Lugar de publicación, distribución, etc. Santo Domingo, República Dominicana :
Nombre del editor, distribuidor, etc. Editora Universitaria (UASD),
Fecha de publicación, distribución, etc. 1985
300 ## - DESCRIPCIÓN FÍSICA
Extensión 100páginas ;
Dimensiones 20cm
336 ## - TIPO DE CONTENIDO
Fuente rdacontent
Término de tipo de contenido texto
Código de tipo de contenido txt
337 ## - TIPO DE MEDIO
Fuente rdamedia
Nombre/término del tipo de medio sin mediación
Código del tipo de medio n
338 ## - TIPO DE SOPORTE
Fuente rdacarrier
Nombre/término del tipo de soporte volumen
Código del tipo de soporte nc
490 0# - MENCIÓN DE SERIE
Mención de serie Publicaciones de la Universidad Autónoma de Santo Domingo,
Designación de volumen o secuencia Vol. 434
650 #4 - PUNTO DE ACCESO ADICIONAL DE MATERIA--TÉRMINO DE MATERIA
Fuente del encabezamiento o término Armarc
Término de materia o nombre geográfico como elemento de entrada Ensayos Dominicanos
650 #4 - PUNTO DE ACCESO ADICIONAL DE MATERIA--TÉRMINO DE MATERIA
Fuente del encabezamiento o término Armarc
Término de materia o nombre geográfico como elemento de entrada Literatura Dominicana
650 #4 - PUNTO DE ACCESO ADICIONAL DE MATERIA--TÉRMINO DE MATERIA
Fuente del encabezamiento o término Armarc
Término de materia o nombre geográfico como elemento de entrada Poesía Dominicana
700 1# - ENTRADA AGREGADA--NOMBRE PERSONAL
Nombre de persona Gómez E., Ramón,
Término indicativo de función/relación Asesor
700 1# - ENTRADA AGREGADA--NOMBRE PERSONAL
Nombre de persona Javier, Dulce,
Término indicativo de función/relación Asesor
942 ## - ELEMENTOS DE ENTRADA SECUNDARIOS (KOHA)
Fuente de la clasificación o esquema de estantería Clasificación Decimal Dewey
Tipo de ítem Koha Libros
Parte de clasificación RD868.44 An433v
Prefijo de la signatura RD868.44
Sufijo de signatura topográfica An433v
Suprimir en OPAC No
Holdings
Estatus retirado Estado de pérdida Fuente de la clasificación o esquema de estantería Estado de daño No para préstamo Colección Biblioteca de origen Biblioteca actual Fecha de adquisición Fuente de adquisición Total de préstamos Signatura topográfica completa Código de barras Visto por última vez Copia número Precio de reemplazo Tipo de ítem Koha
    Clasificación Decimal Dewey     Acervo general de Libros Biblioteca Central Mons. Favio M. Rivas S. Biblioteca Central Mons. Favio M. Rivas S. 20/04/2026 Donado   RD868.44 An433v 000000013810 20/04/2026 1 20/04/2026 Libros